Building for a new urban mobility (Record no. 121198)

MARC details
000 -LEADER
fixed length control field 01466nam a22002537a 4500
001 - CONTROL NUMBER
control field K121198
008 - FIXED-LENGTH DATA ELEMENTS--GENERAL INFORMATION
fixed length control field 160218b2020 xxu||||| |||| 00| 0 eng d
041 ## - LANGUAGE CODE
Language code of text/sound track or separate title eng
100 ## - MAIN ENTRY--PERSONAL NAME
Personal author Bosett, Nicholas
245 ## - TITLE STATEMENT
Title Building for a new urban mobility
260 ## - PUBLICATION INFORMATION
Place of publication London
Publisher Centre for London
Date 2020
300 ## - PHYSICAL DESCRIPTION
Physical description 83p
520 ## - ABSTRACT
Abstract Promotes the case for a policy-led approach termed "New urban mobility" harnessing technology to enable active travel, public transport use, the cleanest vehicle technology and minimal use of private cars. Uses 10 principles (emerging from research and practice) to enable adaptive and sustainable development. These are: Base masterplans on active travel and public transport, use street layouts to prioritise active travel, limit parking provision and locate strategically, enable easy interchanging, provide electric charging infrastructure, consolidate local freight, Offer share mobility service memberships, ensure buildings are easily adaptable, future-proof parking and creates dynamic streetscapes.
650 ## - KEYWORDS
Keywords Public transport
650 ## - KEYWORDS
Keywords Electric cars
650 ## - KEYWORDS
Keywords Value the planet
650 ## - KEYWORDS
Keywords Charging points
651 ## - SUBJECT ADDED ENTRY--GEOGRAPHIC NAME
Geographic name United Kingdom 1973
690 ## - BROAD SUBJECT
9 (RLIN) 6246
Broad subject Infrastructure
700 ## - ADDED PERSONAL NAME
Added personal author Wills, Joe
700 ## - ADDED PERSONAL NAME
Added personal author Belcher, Erica
856 ## - ONLINE RESOURCE
Uniform Resource Identifier <a href="https://www.centreforlondon.org/wp-content/uploads/2020/01/Centre-for-London_Design-for-New-Urban-Mobility.pdf">https://www.centreforlondon.org/wp-content/uploads/2020/01/Centre-for-London_Design-for-New-Urban-Mobility.pdf</a>
Public note View at www.centreforlondon.org
942 ## - ADDED ENTRY ELEMENTS (KOHA)
Suppress in OPAC Do not suppress in OPAC
Holdings
Lost status Damaged status Not for loan Home library Current library Shelving location Date acquired Total Checkouts Date last seen Price effective from Koha item type
      Virtual Virtual Online 04/02/2020   04/02/2020 04/02/2020 Online material